Statystyki dla Największe stolice świata, z wyjątkami

Kliknij tutaj aby rozwiązać quiz!

Ogólne statystyki

  • Ten quiz został rozwiązany 121 razy
  • Średni wynik to 13 z 20

Statystyki odpowiedzi

PopulacjaStolica% Poprawnych
14.8 mLondyn
96%
11.4 mParyż
95%
17.3 mMoskwa
90%
6.55 mMadryt
89%
23.0 mMeksyk
87%
4.73 mBerlin
85%
21.0 mKair
84%
8.55 mWaszyngton
83%
16.4 mBuenos Aires
82%
4.00 mBrasília
73%
10.1 mLima
70%
9.60 mBogota
68%
7.25 mSantiago
63%
12.4 mKinszasa
56%
5.90 mNairobi
46%
6.30 mChartum
39%
4.23 mKapsztad
35%
8.15 mLuanda
32%
5.10 mAkra
22%
4.00 mSanto Domingo
12%

Rozkład punktacji

Percentyl według liczby udzielonych odpowiedzi

Procent ludzi z każdym wynikiem

Twoja historia wyników

Nie rozwiązałeś tego quizu